[Event "Foment Martinenc op-A 16th"]
[Site "Barcelona"]
[Date "2014.05.03"]
[Round "2"]
[White "Julian Barrachina, Lluis"]
[Black "Porta Tovar, Guillem"]
[Result "0-1"]
[WhiteElo "2131"]
[BlackElo "1976"]
[PlyCount "61"]
[EventDate "2014.04.26"]
[EventType "swiss"]
[EventRounds "9"]
[EventCountry "ESP"]
[SourceTitle "EXT 2015"]
[Source "ChessBase"]
[SourceDate "2014.11.20"]
[SourceVersion "1"]
[SourceVersionDate "2014.11.20"]
[SourceQuality "1"]

1. d4 Nf6 2. e3 e6 3. Bd3 b6 4. Nf3 Bb7 5. Nbd2 d5 6. 0-0 Bd6 7. b3 0-0 8. Bb2 Nbd7 9. Ne5 c5 10. f4 Ne4 11. Qe2 a6 12. Rad1 cxd4 13. Bxe4 dxe4 14. exd4 f5 15. Ndc4 Nf6 16. Ne3 Qe7 17. c4 Rfd8 18. Kh1 Rac8 19. a4 Ba3 20. Bc3 Bb4 21. Bb2 Qe8 22. Ba1 b5 23. axb5 axb5 24. Bb2 Ra8 25. Ra1 Rxa1 26. Rxa1 Ra8 27. Kg1 Rxa1+ 28. Bxa1 Qa8 29. Qb2 Qa5 30. d5 Bc5 31. Nd7 0-1

[Event "Foment Martinenc op-A 16th"]
[Site "Barcelona"]
[Date "2014.04.26"]
[Round "1"]
[White "Cervello Tost, Ferran"]
[Black "Julian Barrachina, Lluis"]
[Result "1-0"]
[WhiteElo "2065"]
[BlackElo "2131"]
[PlyCount "93"]
[EventDate "2014.04.26"]
[EventType "swiss"]
[EventRounds "9"]
[EventCountry "ESP"]
[SourceTitle "EXT 2015"]
[Source "ChessBase"]
[SourceDate "2014.11.20"]
[SourceVersion "1"]
[SourceVersionDate "2014.11.20"]
[SourceQuality "1"]

1. d4 Nf6 2. g3 d5 3. Bg2 g6 4. Nf3 Bg7 5. 0-0 0-0 6. c4 c6 7. Nc3 Nbd7 8. cxd5 cxd5 9. Bf4 a6 10. Qb3 Nb6 11. Rac1 Nh5 12. Be5 Be6 13. Ng5 Nc4 14. Bxg7 Nxg7 15. Rfd1 b5 16. Nxe6 fxe6 17. e4 b4 18. Na4 Kh8 19. Nc5 Rc8 20. Nxa6 Qb6 21. Nc5 Rxc5 22. dxc5 Qxc5 23. Rc2 Qb6 24. a3 Ne5 25. Qxb4 Qa7 26. Qc5 Qa4 27. Rd4 Qb3 28. Qc3 Qb6 29. Rb4 Qd6 30. Qc7 Qxc7 31. Rxc7 Nd3 32. Rd4 Nxf2 33. Rc2 Ng4 34. exd5 h5 35. b4 Nf5 36. Rxg4 hxg4 37. dxe6 Nd4 38. Rd2 Nxe6 39. Re2 Ng5 40. Rxe7 Rd8 41. b5 Rd1+ 42. Kf2 Rb1 43. a4 Rb4 44. a5 Rxb5 45. a6 Rb2+ 46. Re2 Rb8 47. a7 1-0